|
|
|
|
| LEADER |
00000cam a22000004a 4500 |
| 001 |
musev2_41386 |
| 003 |
MdBmJHUP |
| 005 |
20230905044334.0 |
| 006 |
m o d |
| 007 |
cr||||||||nn|n |
| 008 |
131118s1998 utu o 00 0 eng d |
| 020 |
|
|
|a 9781607812654
|
| 020 |
|
|
|z 9780874805567
|
| 020 |
|
|
|z 9781607812647
|
| 035 |
|
|
|a (OCoLC)863158356
|
| 040 |
|
|
|a MdBmJHUP
|c MdBmJHUP
|
| 100 |
1 |
|
|a DeCourten, Frank.
|
| 245 |
1 |
0 |
|a Dinosaurs Of Utah :
|b Second Edition /
|c Frank DeCourten ; color illustrations by Carel Brest van Kempen ; photographs by John Telford, Frank Decourten.
|
| 264 |
|
1 |
|a Salt Lake City :
|b University of Utah Press,
|c [1998]
|
| 264 |
|
3 |
|a Baltimore, Md. :
|b Project MUSE,
|c 2016
|
| 264 |
|
4 |
|c ©[1998]
|
| 300 |
|
|
|a 1 online resource (336 pages):
|b illustrations (some color)
|
| 336 |
|
|
|a text
|b txt
|2 rdacontent
|
| 337 |
|
|
|a computer
|b c
|2 rdamedia
|
| 338 |
|
|
|a online resource
|b cr
|2 rdacarrier
|
| 505 |
0 |
|
|a 1. The Mesozoic World -- 2. What is a Dinosaur? -- 3. Dawn of the Utah Mesozoic -- 4. The Early and Middle Jurassic: A Time of Transition -- 5. The Late Jurassic: The Golden Age of the Sauropods -- 6. Blood Brothers: The Theropods of the Morrison Formation -- 7. The Early Cretaceous Period: The (Un) Missing Links -- 8. The Late Cretaceous Period: Beasts of the Bayous -- 9. The Curtain Falls: Dinosaurs of the North Horn Formation -- 10. Doing Paleontology.
|
| 520 |
|
|
|a Given by American Petroleum Institute, Brazos Valley Chapter.
|
| 546 |
|
|
|a English.
|
| 588 |
|
|
|a Description based on print version record.
|
| 650 |
|
7 |
|a Dinosaurs.
|2 fast
|0 (OCoLC)fst00893996
|
| 650 |
|
7 |
|a NATURE
|x Fossils.
|2 bisacsh
|
| 650 |
|
6 |
|a Dinosaures
|z Utah.
|
| 650 |
|
0 |
|a Dinosaurs
|z Utah.
|
| 651 |
|
7 |
|a Utah.
|2 fast
|0 (OCoLC)fst01204563
|
| 655 |
|
7 |
|a Electronic books.
|2 local
|
| 710 |
2 |
|
|a Project Muse.
|e distributor
|
| 830 |
|
0 |
|a Book collections on Project MUSE.
|
| 856 |
4 |
0 |
|z Texto completo
|u https://projectmuse.uam.elogim.com/book/41386/
|
| 945 |
|
|
|a Project MUSE - Custom Collection
|
| 945 |
|
|
|a Project MUSE - Archive Complete Supplement IV
|
| 945 |
|
|
|a Project MUSE - Archive Ecology and Evolution Supplement III
|